Central Library OPAC University of Rajshahi

On government and politics : (Record no. 57828)

MARC details
000 -LEADER
fixed length control field 00839nam a2200265 a 4500
001 - CONTROL NUMBER
control field 57828
003 - CONTROL NUMBER IDENTIFIER
rucl marc code BD-RjUL
005 - DATE AND TIME OF LATEST TRANSACTION
control field 20211209080545.0
008 - FIXED-LENGTH DATA ELEMENTS--GENERAL INFORMATION
fixed length control field 161212s1982 caua b 001 0 eng
020 ## - INTERNATIONAL STANDARD BOOK NUMBER
International Standard Book Number 0818505117
035 ## - SYSTEM CONTROL NUMBER
System control number (BD-RjUL)57952
040 ## - CATALOGING SOURCE
Original cataloging agency DLC
Transcribing agency DLC
Modifying agency DLC
Language of cataloging eng
041 ## - LANGUAGE CODE
Language code of text/sound track or separate title eng
082 00 - DEWEY DECIMAL CLASSIFICATION NUMBER
Classification number 320.3
Edition number 23
Author mark and year KOO 1982
100 1# - MAIN ENTRY--PERSONAL NAME
Personal name Kousoulas, D. George
Fuller form of name (Dimitrios George),
Dates associated with a name 1923-2012.
9 (RLIN) 171740
245 10 - TITLE STATEMENT
Title On government and politics :
Remainder of title an introduction to political science /
Statement of responsibility, etc. D.G. Kousoulas.
250 ## - EDITION STATEMENT
Edition statement 5th ed.
260 ## - PUBLICATION, DISTRIBUTION, ETC. (IMPRINT)
Place of publication, distribution, etc. Monterey, Calif. :
Name of publisher, distributor, etc. Brooks/Cole Pub. Co.,
Date of publication, distribution, etc. c1982.
300 ## - PHYSICAL DESCRIPTION
Pagination xiv, 329 p. :
Illustrations ill. ;
Size 24 cm.
504 ## - BIBLIOGRAPHY, ETC. NOTE
Bibliography, etc Includes bibliographies and indexes.
650 #0 - SUBJECT ADDED ENTRY--TOPICAL TERM
Topical term or geographic name as entry element Political science.
9 (RLIN) 171741
Topical term or geographic name as entry element Comparative government.
9 (RLIN) 171742
942 ## - ADDED ENTRY ELEMENTS (KOHA)
Source of classification or shelving scheme Dewey Decimal Classification
Koha item type Books
Holdings
Lost status Source of classification or shelving scheme Damaged status Not for loan Collection code Permanent Location Current Location Shelving location Date acquired Total Checkouts Full call number Date last seen Copy number Koha item type
  Dewey Decimal Classification   Not For Loan Non-fiction Central Library, University of Rajshahi Central Library, University of Rajshahi Reading Room 17/11/1988   320.3 KOO 1982 12/12/2016 C-1 Books